اردو ناول میں عورت کا تصور : نزیر احمد سے پریم چند تک / (Record no. 172059)

MARC details
000 -LEADER
fixed length control field 00655nam a22001937a 4500
005 - DATE AND TIME OF LATEST TRANSACTION
control field 20200127114053.0
010 ## - LCCN (DPL NO)
LC control number A-688137
020 ## - INTERNATIONAL STANDARD BOOK NUMBER
Terms of availability 45.00
035 ## - SYSTEM CONTROL NUMBER
System control number A-688137
037 ## - SOURCE OF ACQUISITION
Source of stock number/acquisition BPPD/Pub.
082 ## - DEWEY DECIMAL CLASSIFICATION NUMBER
Classification number 843.08
100 ## - MAIN ENTRY--PERSONAL NAME
Personal name فہمیدہ کبیر
245 ## - TITLE STATEMENT
Title اردو ناول میں عورت کا تصور : نزیر احمد سے پریم چند تک /
Statement of responsibility, etc فہمیدہ کبیر
246 ## - VARYING FORM OF TITLE
Title proper/short title Urdu Novel Mein Aurat Ka Tasawwar: Nazir Ahmed se Prem Chand Tak /
Remainder of title by Fehmida Kabir
260 ## - PUBLICATION, DISTRIBUTION, ETC. (IMPRINT)
Place of publication, distribution, etc New Delhi
Name of publisher, distributor, etc Maktaba Jamia
Date of publication, distribution, etc 1992 ء
270 ## - ADDRESS
Address -
City -
Postal code -
300 ## - PHYSICAL DESCRIPTION
Extent 147p.
Dimensions 22cm(Hb)
942 ## - ADDED ENTRY ELEMENTS (KOHA)
Source of classification or shelving scheme Dewey Decimal Classification
Item type Urdu Bks
Classification part 843.08
Call number suffix ف ہ م
Holdings
Withdrawn status Lost status Not for loan Collection code Home library Current library Date acquired Source of acquisition Cost, normal purchase price Full call number Barcode Copy number Cost, replacement price Koha item type
      Non-fiction Central Library Central Library 27/01/2020 BPPD/Ven. 45.00 843.08 ف ہ م A-688137 1 45.00 Urdu Bks

© Delhi Public Library
Hit Counter
free hit counter